00805nam a2200217Ia 4500008004100000020001800041022001500059040001300074082001900087100002400106245013100130250001100261260005300272300003900325500006500364650002600429650004600455650003600501700002200537700002800559191130s2009##################000#0#eng## a9780324590043 a2008927533 aACLcACL a650.015195 AND aAnderson, David Ray aEssentials of modern business statistics with Microsoft office ExcelcDavid R. Anderson, Dennis J. Sweeney, Thomas A. Williams a4th ed aMason, OHbSouth-Western Cengage Learningcc2009 axxviii, 716 p. : col. ill. ; 26 cm aIncludes bibliographical references (p. [646]-647) and index aCommercial statistics aCommercial statistics - Computer programs aMicrosoft Excel (Computer file) aSweeney, Dennis J aWilliams, Thomas Arthur